Ambiente y desarrollo en el Caribe colombiano : (Registro nro. 2139)
[ vista simple ]
| 000 -CABECERA | |
|---|---|
| Campo de control | 01297nam a2200325 a 4500 |
| 005 - FECHA Y HORA DE LA ULTIMA TRANSACCION | |
| Campo de control | 20191224041625.0 |
| 008 - ELEMENTOS DE LONGITUD FIJA—INFORMACION GENERAL | |
| Campo de control | 140304s2000 ck ab fr|||| 000 0 spa d |
| 020 ## - ISBN | |
| ISBN | 6832325 |
| 040 ## - FUENTE DE CATALOGACIÓN | |
| Agencia catalogadora original | CO-BoIAVH |
| Agencia transcriptora | CO-BoIAVH |
| 041 0# - IDIOMA | |
| Código de idioma para texto/pista de sonido o título separado | Español |
| 044 ## - PAÍS DE PUBLICACIÓN | |
| País de publicación | Colombia |
| 082 04 - NUMERO DE CLASIFICACION DECIMAL DEWEY | |
| Número de clasificación | 354 |
| Número del ítem | M38a |
| 100 1# - ASIENTO PRINCIPAL--NOMBRE PERSONAL | |
| Nombre personal | Martínez Niño, Luisa |
| 9 (RLIN) | 54085 |
| 245 10 - MENCION DE TITULO | |
| Título | Ambiente y desarrollo en el Caribe colombiano : |
| Parte restante del título | ensayos y monografías / |
| Mención de responsabilidad | Pontificia Universidad Javeriana, Universidad Jorge Tadeo Lozano |
| 260 ## - PUBLICACION, DISTRIBUCION, ETC. (PIE DE IMPRENTA) | |
| Lugar de publicación, distribución, etc. | Cartagena : |
| Nombre del editor, distribuidor, etc. | Pontificia Universidad Javeriana : |
| -- | Universidad Jorge Tadeo Lozano, |
| Fecha de publicación, distribución, etc. | 2000. |
| 300 ## - DESCRIPCION FISICA | |
| Extensión | 153 páginas : |
| Otros detalles físicos | Ilustraciones, mapas ; |
| Dimensiones | 28 x 22 cm. |
| 650 #6 - ASIENTO SECUNDARIO DE MATERIA - TERMINO TEMATICO | |
| Término temático o nombre geográfico como elemento de entrada | Estrategias de conservación |
| 9 (RLIN) | 54086 |
| 650 #6 - ASIENTO SECUNDARIO DE MATERIA - TERMINO TEMATICO | |
| Término temático o nombre geográfico como elemento de entrada | Ecorregiones |
| 9 (RLIN) | 54087 |
| 650 #6 - ASIENTO SECUNDARIO DE MATERIA - TERMINO TEMATICO | |
| Término temático o nombre geográfico como elemento de entrada | Estrategias nacionales de biodiversidad |
| 9 (RLIN) | 3646 |
| 650 #6 - ASIENTO SECUNDARIO DE MATERIA - TERMINO TEMATICO | |
| Término temático o nombre geográfico como elemento de entrada | Biodiversidad |
| 9 (RLIN) | 92204 |
| 650 #6 - ASIENTO SECUNDARIO DE MATERIA - TERMINO TEMATICO | |
| Término temático o nombre geográfico como elemento de entrada | Monitoreo biológico |
| 9 (RLIN) | 3265 |
| 650 #6 - ASIENTO SECUNDARIO DE MATERIA - TERMINO TEMATICO | |
| Término temático o nombre geográfico como elemento de entrada | Desarrollo sostenible |
| Subdivisión geográfica | Caribe (Región, Colombia) |
| 9 (RLIN) | 54090 |
| 650 #6 - ASIENTO SECUNDARIO DE MATERIA - TERMINO TEMATICO | |
| Término temático o nombre geográfico como elemento de entrada | Diversidad de ecosistemas |
| Subdivisión geográfica | Caribe (Región, Colombia) |
| 9 (RLIN) | 54091 |
| 651 #6 - ASIENTO SECUNDARIO DE MATERIA - NOMBRE GEOGRAFICO | |
| Nombre geográfico | Caribe (Región) |
| Subdivisión general | Geografía |
| 9 (RLIN) | 54092 |
| 651 #6 - ASIENTO SECUNDARIO DE MATERIA - NOMBRE GEOGRAFICO | |
| Nombre geográfico | Caribe (Región) |
| Subdivisión general | Descripción. |
| 9 (RLIN) | 54093 |
| 662 ## - ASIENTO SECUNDARIO DE MATERIA - JERARQUIA DEL NOMBRE DE LUGAR( | |
| País o entidad mayor | Colombia |
| Jurisdicción política intermedia | Sierra Nevada de Santa Marta |
| 700 1# - ASIENTO SECUNDARIO - NOMBRE PERSONAL | |
| Nombre personal | Rodríguez Fadul, Max |
| 9 (RLIN) | 14739 |
| 700 1# - ASIENTO SECUNDARIO - NOMBRE PERSONAL | |
| Nombre personal | Saénz Zapata, Orlando |
| 9 (RLIN) | 14735 |
| 942 ## - ELEMENTOS ADICIONALES (KOHA) | |
| Tipo de ítem | Libro |
| Sistema de clasificación | Dewey Decimal Classification |
| Withdrawn status | Lost status | Sistema de Clasificación | Damaged status | No para préstamo | Colección | Inventariado | Ubicación Permanente | Ubicación actual | Fecha de adquisición | Fuente de Valor | Valor | Total Checkouts | Número topográfico | Inventario / Código de Barras | Date last seen | Ejemplar | Price effective from | Forma de adquisición | Tipo de material |
|---|---|---|---|---|---|---|---|---|---|---|---|---|---|---|---|---|---|---|---|
| Dewey Decimal Classification | General | Inventariado 2017 | Bogotá | Bogotá | 08/03/2001 | Editorial UJTL | 20000.00 | LB-354 M38a | 002702 | 23/01/2015 | Ej. 1 | 04/12/2012 | Libro | ||||||
| Dewey Decimal Classification | General | Inventariado 2017 | Sala Fabio Quevedo | Sala Fabio Quevedo | 10/07/2014 | Editorial UJTL | 20000.00 | LB-574.5 S12a | 034367 | 10/07/2014 | E. 2 | 10/07/2014 | Libro |